[Event "It"]
[Site "Antalya TUR"]
[Date "2001.04.07"]
[Round "10"]
[White "Kraidman,Y"]
[Black "Haznedaroglu,K"]
[Result "0-1"]
[WhiteElo "2334"]
[BlackElo "2357"]

1.c4 Nf6 2.Nc3 c6 3.Nf3 d5 4.e3 e6 5.d4 Nbd7 6.Qc2 Bd6 7.cxd5 exd5 8.Bd3 O-O
9.Rb1 Qe7 10.h3 Re8 11.Nd2 Nf8 12.O-O Ng6 13.e4 dxe4 14.Ndxe4 Nxe4 15.Nxe4 Be6
16.Bg5 Qc7 17.b3 Bh2+ 18.Kh1 Bf4 19.Bxf4 Qxf4 20.f3 Rad8 21.Rbe1 Qh4 22.Nc5 Nf4
23.Bf5 Bxf5 24.Rxe8+ Rxe8 25.Qxf5 Ne2 26.Ne4 Qd8 27.Qc5 Qxd4 28.Qxd4 Nxd4
29.Nd6 Rb8 30.Re1 Kf8 31.Re4 Ne6 32.f4 Nc5 33.Rc4 Nd7 34.Rd4 Nf6 35.Ra4 a6
36.Rb4 b5 37.Rd4 c5 38.Rd2 Rd8 39.g3 g6 40.Ne4 Rxd2 41.Nxd2 Nd5 42.Kg2 Nb4
43.Ne4 Nd3 44.Kf3 f5 45.Nc3 Ke7 46.Ke3 Nb4 47.a4 Nc2+ 48.Kd3 Nd4 49.axb5 axb5
50.b4 Kd6 51.Nd1 Nc6 52.bxc5+ Kxc5 53.g4 Nb4+ 54.Kd2 Nd5 55.gxf5 gxf5 56.h4 Kd4  0-1

[Event "Dos Hermanas Internet KO"]
[Site "ICC INT"]
[Date "2001.04.07"]
[Round "4.1"]
[White "Rustemov,A"]
[Black "Sergejev,R"]
[Result "1-0"]
[WhiteElo "2620"]
[BlackElo "2349"]

1.d4 d5 2.c4 e6 3.Nc3 c6 4.e3 Nf6 5.Nf3 Nbd7 6.Qc2 Bd6 7.b3 O-O 8.Be2 dxc4
9.bxc4 e5 10.O-O Re8 11.Rd1 exd4 12.exd4 Nf8 13.Rb1 Ng6 14.c5 Bf4 15.Bc4 Qc7
16.d5 cxd5 17.Nxd5 Nxd5 18.Bxd5 Bxc1 19.Rdxc1 Nf4 20.Ng5 Ne2+ 21.Kh1 Nxc1
22.Rxc1 Kf8 23.Nxh7+ Ke7 24.Qd2 Be6 25.Qg5+ Kd7 26.c6+ bxc6 27.Bxc6+ Qxc6
28.Rxc6 Kxc6 29.Qxg7 Bxa2 30.Qc3+ Kb5 31.Nf6 Rad8 32.Qb2+ Kc6 33.Qc1+ Kb5
34.Nxe8 Rxe8 35.Qb2+ Kc6 36.h4 Bd5 37.Qc3+ Kb7 38.Kh2 Bc6 39.h5 Re6 40.g4 Kb6
41.Qb4+ Bb5 42.Qf8 a5 43.Qxf7 Rc6 44.g5 a4 45.Qf8 Rc3 46.g6 a3 47.g7 a2 48.Qd6+ Bc6
49.Qb4+  1-0

[Event "Open"]
[Site "Metz FRA"]
[Date "2001.04.09"]
[Round "3"]
[White "Drasko,M"]
[Black "Schumacher,H"]
[Result "1-0"]
[WhiteElo "2521"]
[BlackElo "2171"]

1.d4 d5 2.c4 e6 3.Nc3 c6 4.e3 Nf6 5.Nf3 Nbd7 6.Qc2 Bd6 7.b3 O-O 8.Be2 a6
9.O-O e5 10.cxd5 cxd5 11.dxe5 Nxe5 12.Bb2 Qc7 13.h3 Nxf3+ 14.Bxf3 Be6 15.Rfd1 Rfd8
16.Qd3 Rac8 17.Ne2 Bh2+ 18.Kf1 Be5 19.Rac1 Qb8 20.Bxe5 Qxe5 21.Qd4 Rxc1 22.Rxc1 Qxd4
23.Nxd4 Rc8 24.Rxc8+ Bxc8 25.Ne2 b5 26.Nc3 Bb7 27.Ke2 Kf8 28.Kd3 Ke7 29.Kd4 Kd6
30.b4 Bc6 31.g4 g5 32.Bg2 h6 33.f4 Bb7 34.Bf3 Bc6 35.Ne2 Ng8 36.Nc1 Ne7 37.Nd3 Bb7
38.Ne5 Nc6+ 39.Nxc6 Bxc6 40.Bd1 f6 41.Bc2 Bd7 42.Bg6 gxf4 43.exf4 Be6 44.Bd3 Bc8
45.Be2 Be6 46.h4 Bd7 47.g5 fxg5 48.fxg5 hxg5 49.hxg5 Be6 50.g6 Bf5 51.g7 Be6
52.Bg4 Bg8 53.Bc8  1-0

[Event "Spring Festival"]
[Site "Bucharest ROM"]
[Date "2001.04.10"]
[Round "5"]
[White "Dumitrache,D"]
[Black "Kalezic,B"]
[Result "1-0"]
[WhiteElo "2425"]
[BlackElo "2443"]

1.d4 d5 2.c4 c6 3.Nf3 e6 4.Nc3 Nf6 5.e3 Nbd7 6.Qc2 Bd6 7.Bd3 O-O 8.O-O dxc4
9.Bxc4 e5 10.Bb3 Qe7 11.Bd2 a6 12.h3 b5 13.Ng5 a5 14.a3 Ba6 15.Nce4 Nxe4
16.Nxe4 c5 17.Bxa5 b4 18.Rfc1 exd4 19.exd4 bxa3 20.Nxd6 axb2 21.Qxb2 Qxd6
22.dxc5 Qb8 23.c6 Ne5 24.c7 Qb5 25.Qc3 Bb7 26.Rcb1 Kh8 27.Bxf7 Nf3+ 28.Kh1 Qg5
29.Rxb7 Nh4 30.Qg3 Qf6 31.Bc3 Rxa1+ 32.Bxa1 Qxa1+ 33.Kh2 Nf5 34.Rb8 g6 35.Rxf8+ Kg7
36.Qf4  1-0

[Event "FSIMA April"]
[Site "Budapest HUN"]
[Date "2001.04.10"]
[Round "4"]
[White "Sinkovics,P"]
[Black "Xu Hanbing"]
[Result "1/2-1/2"]
[WhiteElo "2317"]
[BlackElo "2235"]

1.d4 Nf6 2.Nf3 d5 3.c4 c6 4.e3 e6 5.Nc3 Nbd7 6.Bd3 dxc4 7.Bxc4 b5 8.Bd3 a6
9.e4 c5 10.e5 cxd4 11.Nxb5 Nxe5 12.Nxe5 axb5 13.Bxb5+ Bd7 14.Nxd7 Qa5+ 15.Bd2 Qxb5
16.Nxf6+ gxf6 17.Qe2 Qxb2 18.O-O Rb8 19.Qd3 Qa3 20.Qxd4 Be7 21.Qg4 Bd6 22.Bf4 Ke7
23.Bxd6+ Qxd6 24.Rfd1 Qb4 25.Qg3 Rhd8 26.Qc7+ Ke8 27.h3 Qa4 28.Rdc1 Rb2 29.Rc4 Rb4
30.Rc3 Rbd4 31.Rg3 R8d7 32.Rg8+ Ke7 33.Qc5+ R7d6 34.Rc8 f5 35.Rc7+ Kf6 36.Re1 R4d5
37.Qc1 Kg6 38.Rc4 Qa5 39.Rc3 Rd3 40.h4 h6 41.Rxd3 Rxd3 42.Re2 Qa4 43.Rd2 Qf4
44.Rd1 Qxc1 45.Rxc1 Ra3 46.Rc2 Kh5 47.g3 Kg4 48.Kg2 f4 49.Rc4 e5 50.gxf4 exf4
51.Rc2 Kxh4 52.f3 Kg5 53.Rb2 Kf5 54.Rb5+ Kg6 55.Rb2 f5 56.Rb6+ Kg5 57.Rb2 Kf6
58.Rb6+ Ke5 59.Rxh6 Rxa2+ 60.Kf1 Rd2 61.Rh8 Kd4 62.Re8 Rb2 63.Re7 Rb5 64.Kf2 Re5
65.Rd7+ Rd5  1/2-1/2

[Event "FSIMB April"]
[Site "Budapest HUN"]
[Date "2001.04.10"]
[Round "4"]
[White "Appleberry,M"]
[Black "Nemeth,Z"]
[Result "1-0"]
[WhiteElo "2301"]
[BlackElo "2319"]

1.Nf3 c6 2.d4 Nf6 3.c4 d5 4.Nc3 e6 5.e3 Nbd7 6.Bd3 dxc4 7.Bxc4 b5 8.Bd3 a6
9.a4 Bb7 10.O-O b4 11.Nb1 c5 12.Nbd2 Be7 13.Qe2 Qb8 14.h3 O-O 15.a5 e5 16.dxe5 Nxe5
17.Nxe5 Qxe5 18.Nc4 Qc7 19.e4 Rfe8 20.e5 Bf8 21.Bg5 Nd7 22.f4 Qc6 23.Qc2 g6
24.Rae1 Rab8 25.f5 b3 26.Qf2 Qd5 27.fxg6 fxg6 28.Rd1 Qe6 29.Be2 Kh8 30.Qf7 h6
31.Rxd7 Qxf7 32.Rfxf7 Bc6 33.Bf6+ Kg8 34.Nb6 Bxd7 35.Rxd7  1-0

[Event "Open"]
[Site "Metz FRA"]
[Date "2001.04.11"]
[Round "5"]
[White "Wohl,A"]
[Black "Pimenta,A"]
[Result "1-0"]
[WhiteElo "2418"]
[BlackElo "2137"]

1.d4 d5 2.c4 e6 3.Nc3 c6 4.Nf3 Nf6 5.e3 Nbd7 6.Qc2 Bd6 7.g4 Nxg4 8.Rg1 Nxh2
9.Nxh2 Bxh2 10.Rxg7 Qh4 11.Bd2 Nf8 12.Rg2 Bd6 13.O-O-O Bd7 14.Kb1 Ng6 15.f4 f5
16.Be2 Qf6 17.Rh1 dxc4 18.Bxc4 O-O-O 19.Rgh2 Ne7 20.Rh6 Ng6 21.Na4 Kb8 22.Nc5 Bc8
23.Bc3 Qe7 24.Qb3 e5 25.Na6+ Ka8 26.fxe5 Nxe5 27.dxe5 Bxe5 28.Nb4 Bxc3 29.Qxc3 Qe4+
30.Nc2 f4 31.exf4 Qxf4 32.a3 Bf5 33.Ka2 Bg6 34.Rxg6 Qd2 35.Qxd2 Rxd2 36.Rxh7  1-0

[Event "Israel Open Ch"]
[Site "Tel Aviv ISR"]
[Date "2001.04.12"]
[Round "4"]
[White "Avrukh,B"]
[Black "Mittelman,G"]
[Result "1-0"]
[WhiteElo "2600"]
[BlackElo "2435"]

1.d4 d5 2.c4 c6 3.Nc3 Nf6 4.e3 e6 5.Nf3 Nbd7 6.Bd3 dxc4 7.Bxc4 b5 8.Bd3 a6
9.e4 c5 10.e5 cxd4 11.Nxb5 Ng4 12.Qa4 Bb7 13.Nbxd4 Qb6 14.O-O Bc5 15.h3 Bxf3
16.Nxf3 Nxf2 17.Bc2 h5 18.Bg5 Ra7 19.Kh2 Ng4+ 20.hxg4 hxg4+ 21.Nh4 Be3 22.Qxg4 Nxe5
23.Qg3 Bxg5 24.Qxg5 f6 25.Ba4+ Kf7 26.Rac1 Rc7 27.Rxc7+ Qxc7 28.g3 Qa5 29.Qf4 Rh6
30.Kg2 g5 31.Qxg5 Qd5+ 32.Kh3  1-0

[Event "5th Neckar Open"]
[Site "Deizisau GER"]
[Date "2001.04.13"]
[Round "3"]
[White "Milov,V"]
[Black "Namyslo,H"]
[Result "0-1"]
[WhiteElo "2605"]
[BlackElo "2281"]

1.d4 d5 2.c4 e6 3.Nc3 c6 4.e3 Nf6 5.Nf3 Nbd7 6.Bd3 dxc4 7.Bxc4 b5 8.Bd3 a6
9.e4 c5 10.d5 c4 11.Bc2 Qc7 12.O-O Bc5 13.a4 b4 14.Ne2 O-O 15.Bf4 e5 16.Bg3 a5
17.Ned4 Ba6 18.Nf5 b3 19.Bb1 c3 20.Bd3 c2 21.Qe2 Bxd3 22.Qxd3 Rab8 23.Nd2 Qb7
24.Nc4 Qa6 25.Nxe5 Qxd3 26.Nxd3 Nxe4 27.Bxb8 Rxb8 28.Rfe1 Ndf6 29.d6 Bxd6
30.Nxd6 Nxd6 31.Re5 h6 32.Rae1 Nc4 33.Rc5 Rd8 34.Rxc4 Rxd3 35.Kf1 Rd1 36.Ke2 Rb1
37.Kd2 Rxb2 38.Rc5 Rb1 39.Rce5 Kh7 40.Rc1 b2 41.Rxc2 Rd1+ 42.Kxd1 b1=Q+ 43.Kd2 Qb4+
44.Kc1 Qf4+ 45.Re3 Nd5 46.g3 Qxa4  0-1

[Event "Solett Open"]
[Site "Skelleftea SWE"]
[Date "2001.04.14"]
[Round "7"]
[White "Rustemov,A"]
[Black "Hector,J"]
[Result "1/2-1/2"]
[WhiteElo "2625"]
[BlackElo "2546"]

1.d4 d5 2.c4 c6 3.Nc3 Nf6 4.e3 e6 5.Nf3 Nbd7 6.Qc2 Bd6 7.b3 O-O 8.Be2 e5
9.cxd5 cxd5 10.Nb5 Bb4+ 11.Bd2 Bxd2+ 12.Nxd2 a6 13.dxe5 Nxe5 14.Nd4 Bg4 15.Bxg4 Nexg4
16.h3 Ne5 17.O-O Rc8 18.Qb2 Ne4 19.N2f3 Nxf3+ 20.Nxf3 Qf6 21.Qxf6 Nxf6 22.Rfc1 Rfd8
23.Kf1 Kf8 24.Ke2 Ke7 25.Nd4 g6 26.Kd3 Ne4 27.f3 Nc5+ 28.Kd2 Ne6 29.Kd3 Nc5+
30.Kd2 Ne6 31.Kd3  1/2-1/2

[Event "FSGM April"]
[Site "Budapest HUN"]
[Date "2001.04.15"]
[Round "9"]
[White "Hoang Thanh Trang"]
[Black "Almasi,I"]
[Result "1/2-1/2"]
[WhiteElo "2465"]
[BlackElo "2424"]

1.d4 d5 2.c4 c6 3.Nc3 Nf6 4.e3 e6 5.Nf3 Nbd7 6.Bd3 dxc4 7.Bxc4 b5 8.Be2 Bb7
9.O-O Be7 10.Qc2 O-O 11.e4 b4 12.e5 bxc3 13.exf6 Bxf6 14.bxc3 c5 15.Rb1 Rb8
16.Bf4 Bxf3 17.Bxf3 Rxb1 18.Rxb1 cxd4 19.cxd4 Nb6 20.Be5 Bxe5 21.dxe5 Qg5
22.Qe2 Rc8 23.g3 g6 24.Bg2 Qf5 25.Rd1 h5 26.h4 Kg7 27.Qe3 Rc7 28.Qd4 Rc4
29.Qe3 Rc7 30.Qd4 Rc4 31.Qe3 Rc7 32.Qd4  1/2-1/2

[Event "Open"]
[Site "Dubai UAE"]
[Date "2001.04.15"]
[Round "1"]
[White "Akbarinia,S"]
[Black "Galkin,A"]
[Result "0-1"]
[WhiteElo "2232"]
[BlackElo "2556"]

1.c4 e6 2.Nc3 d5 3.d4 c6 4.e3 Nf6 5.Nf3 Nbd7 6.Qc2 Bd6 7.b3 O-O 8.Bb2 b6
9.Be2 Bb7 10.O-O Qe7 11.Rfd1 Rad8 12.e4 dxe4 13.Nxe4 Nxe4 14.Qxe4 Rfe8 15.Bd3 f5
16.Qe2 Nf6 17.Bc2 c5 18.Ne5 cxd4 19.Bxd4 Ne4 20.Bxe4 Bxe4 21.Kh1 Bb8 22.Qe3 Qf6
23.f4 Qh4 24.Rd2 Bxe5 25.Bxe5 Rxd2 26.Qxd2 Rd8 27.Qe2 Rd3 28.Kg1 Qd8 29.g3 Rd2
30.Qe3 Rg2+ 31.Kf1 Rxh2 32.Qd4 Qa8 33.Kg1 Bh1  0-1

[Event "Open"]
[Site "Metz FRA"]
[Date "2001.04.15"]
[Round "9"]
[White "Dgebuadze,A"]
[Black "Sprenger,J"]
[Result "1-0"]
[WhiteElo "2555"]
[BlackElo "2326"]

1.d4 d5 2.Nf3 Nf6 3.c4 e6 4.Nc3 c6 5.e3 Nbd7 6.Qc2 Bd6 7.Be2 O-O 8.O-O Re8
9.b3 Qe7 10.Bb2 h6 11.Rfe1 dxc4 12.Bxc4 e5 13.Nh4 Nf8 14.dxe5 Qxe5 15.g3 Qe7
16.Rad1 Bg4 17.Nf5 Bxf5 18.Qxf5 g6 19.Qc2 Rad8 20.Bf1 Ne6 21.Bg2 Bb4 22.h3 Qc5
23.Qc1 Qh5 24.Rxd8 Rxd8 25.e4 Nd4 26.g4 Qh4 27.e5 Nh7 28.e6 Nxe6 29.a3 Bf8
30.Ne4 Bg7 31.Bxg7 Kxg7 32.Qc3+ Kg8 33.b4 Qe7 34.Qe3 Nhg5 35.Nc5 Qc7 36.h4 Nxc5
37.hxg5 Ne6 38.gxh6 Rd4 39.g5 Rg4 40.h7+ Kh8 41.Qc3+  1-0

[Event "Open"]
[Site "Metz FRA"]
[Date "2001.04.15"]
[Round "9"]
[White "Wiley,To"]
[Black "Pimenta,A"]
[Result "1-0"]
[WhiteElo "2273"]
[BlackElo "2137"]

1.d4 d5 2.c4 e6 3.Nc3 c6 4.Nf3 Nf6 5.e3 Nbd7 6.a3 Bd6 7.b4 a6 8.Qc2 O-O 9.Bb2 Qe7
10.h3 dxc4 11.Bxc4 e5 12.dxe5 Nxe5 13.Nxe5 Bxe5 14.O-O Be6 15.Bd3 h6 16.f4 Bc7
17.e4 Rfd8 18.Rf3 a5 19.bxa5 Rxa5 20.Raf1 Qc5+ 21.Kh1 Bc4 22.Bxc4 Qxc4 23.Re1 Raa8
24.Qf2 Bd6 25.e5 Bc5 26.Qg3 Nd5 27.Nxd5 Qxd5 28.f5 Bd4 29.f6 g6 30.Bxd4 Qxd4
31.e6 Re8 32.exf7+ Kxf7 33.Qc7+  1-0

[Event "Solett Open"]
[Site "Skelleftea SWE"]
[Date "2001.04.15"]
[Round "8"]
[White "Linqvist,G"]
[Black "Schmitz,Ma"]
[Result "1/2-1/2"]
[WhiteElo "2150"]
[BlackElo "2113"]

1.c4 e6 2.Nc3 d5 3.d4 c6 4.e3 Nf6 5.Nf3 Ne4 6.cxd5 Nxc3 7.bxc3 exd5 8.Bd3 Bd6
9.h3 Nd7 10.Qc2 Nf6 11.Rb1 O-O 12.O-O Re8 13.Nd2 h6 14.e4 dxe4 15.Nxe4 Nxe4
16.Bxe4 Qh4 17.Bh7+ Kf8 18.Bf5 Re7 19.Bxc8 Rxc8 20.Qf5 Rce8 21.Qf3 Kg8 22.Bd2 Bb8
23.Be3 Rd7 24.c4 Qe7 25.Rb3 Qd6 26.g3 Qe6 27.Qg4 Qxg4 28.hxg4 b6 29.Kg2 Re4
30.Kf3 Re6 31.Rd1 f6 32.Rbd3 Re8 33.Bf4 Bxf4 34.gxf4 Red8 35.Ke4 Re8+ 36.Kf3 Red8  1/2-1/2

[Event "5th Neckar Open"]
[Site "Deizisau GER"]
[Date "2001.04.16"]
[Round "9"]
[White "Kekelidze,M"]
[Black "Namyslo,H"]
[Result "1-0"]
[WhiteElo "2491"]
[BlackElo "2281"]

1.d4 d5 2.Nf3 Nf6 3.c4 e6 4.Nc3 c6 5.e3 Nbd7 6.Bd3 dxc4 7.Bxc4 b5 8.Bb3 Bb7
9.O-O b4 10.Ne2 Bd6 11.Nf4 Qe7 12.Ng5 Nd5 13.Nfxe6 fxe6 14.e4 Nf4 15.Bxf4 Bxf4
16.Nxe6 Bb8 17.f4 Nf8 18.f5 a5 19.Qh5+ Kd7 20.Qh3 Bc8 21.d5 Nxe6 22.fxe6+ Kc7
23.Rac1 Ra6 24.e5 Ba7+ 25.Kh1 Kb8 26.d6 Qg5 27.d7 Bb7 28.Bc4 Rb6 29.Rcd1 Ba6
30.Bxa6 Rxa6 31.Qd3  1-0

[Event "Open"]
[Site "Dubai UAE"]
[Date "2001.04.16"]
[Round "2"]
[White "Aleksandrov,A"]
[Black "Sharma,D"]
[Result "1-0"]
[WhiteElo "2610"]
[BlackElo "2385"]

1.d4 d5 2.c4 e6 3.Nc3 c6 4.e3 Nf6 5.Nf3 Nbd7 6.Bd3 dxc4 7.Bxc4 b5 8.Be2 Bb7
9.O-O Be7 10.a3 a6 11.b4 a5 12.Rb1 axb4 13.axb4 Nd5 14.Bd2 O-O 15.Ne4 f5
16.Nc5 Nxc5 17.bxc5 Bf6 18.Qc2 Qe7 19.e4 fxe4 20.Qxe4 Ra2 21.Bd3 g6 22.Ra1 Rxa1
23.Rxa1 Re8 24.Re1 Qg7 25.h4 Bc8 26.g3 Bd7 27.Kg2 Qf7 28.Bh6 Ra8 29.h5 gxh5
30.Rh1 Qg6 31.Qxg6+ hxg6 32.Bxg6 Be8 33.Bxe8 Rxe8 34.Rxh5 b4 35.Rh1 b3 36.Rb1 Rb8
37.Rb2 Rb5 38.Bd2 Kf7 39.g4 Rb8 40.Kf1 Rb5 41.Ke2 Nc7 42.Kd3 Na6 43.Bc3 Nc7
44.Kc4 Nd5 45.Bd2 Rb7 46.Rxb3 Ra7 47.Kd3 Ra4 48.Rb7+ Kf8 49.g5 Bg7 50.Ke4 Ra2
51.Rd7 Rc2 52.Rd6 Ke7 53.Rxc6 Ra2 54.Rc8 Rb2 55.Ra8 Rc2 56.Ra7+ Kf8 57.g6 Rb2
58.Ng5  1-0

[Event "zt3.3"]
[Site "HeiBei CHN"]
[Date "2001.04.16"]
[Round "1"]
[White "Wang Rui"]
[Black "Wu Wenjin"]
[Result "0-1"]
[WhiteElo "2526"]
[BlackElo "2570"]

1.d4 d5 2.Nf3 Nf6 3.c4 e6 4.Nc3 c6 5.e3 Nbd7 6.Qc2 Bd6 7.Bd3 O-O 8.O-O h6
9.Bd2 Re8 10.h3 e5 11.cxd5 Nxd5 12.Nxd5 cxd5 13.dxe5 Nxe5 14.Nxe5 Bxe5 15.Bc3 Qh4
16.Bxe5 Rxe5 17.Qc7 Rh5 18.Be2 Rg5 19.Qd8+ Kh7 20.Bd3+ g6 21.Qc7 Bxh3 22.g3 Kg7
23.Rfc1 Re8 24.Qf4 Rg4 25.Qf3 Re6 26.Be2 Qg5 27.Rc5 Rge4 28.Bd3 Rxe3 29.fxe3 Rxe3
30.Qxd5 Qxg3+ 31.Kh1 Qh4 32.Rc4 Bg4+ 33.Kg1 Rg3+ 34.Kf1 Qh3+ 35.Ke1 Rxd3  0-1

[Event "Open"]
[Site "Lenk SUI"]
[Date "2001.04.16"]
[Round "7"]
[White "Gheorghiu,F"]
[Black "Videki,S"]
[Result "1/2-1/2"]
[WhiteElo "2478"]
[BlackElo "2405"]

1.d4 d5 2.c4 c6 3.Nf3 Nf6 4.Nc3 e6 5.e3 Nbd7 6.Bd3 dxc4 7.Bxc4 b5 8.Be2 Bb7
9.e4 b4 10.e5 bxc3 11.exf6 Nxf6 12.bxc3 Bd6 13.O-O O-O 14.Bg5 Qc7 15.Bxf6 gxf6
16.h3 Kh8 17.Nd2 c5 18.Bf3 Rab8 19.Bxb7 Qxb7 20.Rb1 Qd5 21.Qf3 Qxf3 22.Nxf3 Rfc8
23.dxc5 Bxc5 24.Rfc1 Kg7 25.Kf1 Kf8 26.Ke2 Ke7 27.Nd2 f5 28.Rxb8 Rxb8 29.Rb1 Rxb1
30.Nxb1  1/2-1/2

[Event "Open"]
[Site "Dubai UAE"]
[Date "2001.04.17"]
[Round "3"]
[White "Shariyazdanov,A"]
[Black "Galkin,A"]
[Result "1/2-1/2"]
[WhiteElo "2594"]
[BlackElo "2556"]

1.d4 d5 2.c4 e6 3.Nc3 c6 4.e3 Nf6 5.Nf3 Nbd7 6.Qc2 Bd6 7.Bd3 O-O 8.O-O dxc4
9.Bxc4 a6 10.Rd1 b5 11.Bf1 c5 12.dxc5 Bxc5 13.Ne4 Nxe4 14.Qxe4 Nf6  1/2-1/2

[Event "Open"]
[Site "Dubai UAE"]
[Date "2001.04.18"]
[Round "4"]
[White "Kuzmin,A"]
[Black "Sandipan,C"]
[Result "1-0"]
[WhiteElo "2588"]
[BlackElo "2428"]

1.d4 d5 2.c4 e6 3.Nc3 c6 4.e3 Nf6 5.Nf3 Nbd7 6.Qc2 Bd6 7.Bd3 O-O 8.O-O h6
9.b3 Re8 10.Bb2 dxc4 11.bxc4 e5 12.h3 Qe7 13.Nd2 Nf8 14.d5 Ba3 15.Bxa3 Qxa3
16.Rab1 N8d7 17.Nde4 Nc5 18.Nxf6+ gxf6 19.Rbc1 Kh8 20.Bf5 e4 21.Bxe4 Nxe4
22.Nxe4 Bf5 23.Qc3 Qxc3 24.Nxc3 Bd3 25.Rfd1 Bxc4 26.dxc6 bxc6 27.Rd6 Re6
28.Rd4 Ba6 29.Ne4 c5 30.Rxc5 Rb8 31.Rc7 Rb7 32.Rxb7 Bxb7 33.Nd6 Re7 34.Nf5 Re5
35.Nxh6 Kg7 36.Ng4 Ra5 37.Rd6 f5 38.Nf6 Rxa2 39.Nh5+ Kf8 40.Ng3 Ra5 41.Rd7 Bc6
42.Rc7 Be8 43.Nh5 Ra4 44.Kh2 Ra2 45.Kg3 a5 46.h4 a4 47.Rc8 Ke7 48.Nf6 Kxf6
49.Rxe8 Rb2 50.Ra8 Rb4 51.Ra6+ Kg7 52.f3 Rc4 53.h5 Rb4 54.h6+ Kh7 55.Ra5 f4+
56.exf4 Kxh6 57.Ra6+ Kg7 58.Kg4 Rb2 59.Kh3 Rb4 60.Kg3 Rc4 61.f5 f6 62.f4 Rc3+
63.Kh4 a3 64.Ra7+ Kf8 65.g4 Rf3 66.Kh5 Rxf4 67.Rxa3 Kg8 68.Rd3 Kf7 69.Rd7+ Kg8
70.Ra7 Re4 71.g5 fxg5 72.Kg6 Re8 73.f6 Rd8 74.Rg7+ Kf8 75.Rh7  1-0

[Event "Classics GM"]
[Site "Gausdal NOR"]
[Date "2001.04.18"]
[Round "4"]
[White "Tikkanen,H"]
[Black "Johannessen,LE"]
[Result "0-1"]
[WhiteElo "2274"]
[BlackElo "2407"]

1.d4 d5 2.c4 e6 3.Nc3 c6 4.e3 Nf6 5.Nf3 Nbd7 6.Bd3 dxc4 7.Bxc4 b5 8.Bd3 Bb7
9.O-O a6 10.e4 c5 11.d5 Qc7 12.dxe6 fxe6 13.Qe2 c4 14.Bc2 O-O-O 15.Rd1 Bd6
16.Bg5 Ne5 17.Nd4 Rhe8 18.Kh1 Bc5 19.Nf3 Rxd1+ 20.Rxd1 Nfg4 21.Bf4 Nxf2+
22.Qxf2 Bxf2 23.Bxe5 Qc5 24.a3 g5 25.Bd6 Qe3 26.Rd2 Qb6 27.Be5 g4 28.Nd4 Be3
29.Rd1 Rd8 30.Nce2 Rd7 31.Bh8 Qd8 32.Be5 Qg5 33.Bf4 Bxf4 34.Nxe6 Rxd1+  0-1

[Event "Ch-Kaissa Club"]
[Site "Kharkov UKR"]
[Date "2001.04.20"]
[Round "3"]
[White "Kalinski,I"]
[Black "Grin,D"]
[Result "1/2-1/2"]
[WhiteElo "2240"]
[BlackElo "2301"]

1.c4 c6 2.Nf3 d5 3.e3 Nf6 4.Nc3 e6 5.d4 Nbd7 6.Bd3 dxc4 7.Bxc4 b5 8.Bd3 Bb7
9.O-O b4 10.Ne4 Be7 11.Bd2 O-O 12.Qe2 c5 13.Nxc5 Nxc5 14.dxc5 Bxc5 15.e4 h6
16.e5 Nd7 17.Be4 Qb6 18.Bxb7 Qxb7 19.Rac1 Rac8 20.h4 Rfd8 21.Rfd1 a5 22.b3  1/2-1/2

[Event "Open"]
[Site "Crans Montana SUI"]
[Date "2001.04.21"]
[Round "4"]
[White "Nemet,I"]
[Black "Gerber,R"]
[Result "0-1"]
[WhiteElo "2437"]
[BlackElo "2432"]

1.d4 d5 2.Nf3 Nf6 3.c4 c6 4.e3 e6 5.Nc3 Nbd7 6.Qc2 Bd6 7.Bd3 O-O 8.O-O Qe7
9.e4 dxc4 10.Bxc4 e5 11.Be3 b5 12.Bd3 Ng4 13.Bg5 f6 14.Bh4 exd4 15.Ne2 c5
16.Bxb5 Rb8 17.h3 Nge5 18.Nxe5 Nxe5 19.f4 Ng6 20.Bc4+ Kh8 21.Bg3 Bb7 22.Bd3 c4
23.Qxc4 Rfc8 24.Qa4 Bxe4 25.Bxe4 Qxe4 26.Rf2 f5 27.Qxd4 Bc5 28.Qxe4 fxe4
29.b3 Re8 30.Rc1 Rbc8 31.Rc3 Ne7 32.Kf1 Nd5 33.Rxc5 Rxc5 34.Nd4 Rc1+ 35.Ke2 Ra1
36.a4 Rc8  0-1

[Event "Classics IMB"]
[Site "Gausdal NOR"]
[Date "2001.04.21"]
[Round "8"]
[White "Tallaksen,G"]
[Black "Leer Salvesen,B"]
[Result "1/2-1/2"]
[WhiteElo "2233"]
[BlackElo "2306"]

1.d4 e6 2.c4 d5 3.Nc3 c6 4.e3 Nf6 5.Nf3 Nbd7 6.Qc2 Bd6 7.Bd3 O-O 8.O-O dxc4
9.Bxc4 a6 10.Rd1 Qc7 11.a3 b5 12.Be2 c5 13.dxc5 Bxc5 14.b4 Be7 15.Bb2 Bb7
16.Qb3 Rfd8 17.Rac1 Qb6 18.Nd2 Nd5 19.Nce4 Rdc8  1/2-1/2

[Event "7th"]
[Site "Cutro ITA"]
[Date "2001.04.22"]
[Round "1"]
[White "Skembris,S"]
[Black "Ortega,Le"]
[Result "1/2-1/2"]
[WhiteElo "2450"]
[BlackElo "2487"]

1.d4 d5 2.c4 c6 3.Nf3 Nf6 4.e3 e6 5.Nc3 Nbd7 6.Qc2 Bd6 7.Bd3 O-O 8.O-O e5
9.cxd5 cxd5 10.e4 dxe4 11.Nxe4 Nxe4 12.Bxe4 h6 13.Be3 exd4 14.Bh7+ Kh8 15.Bxd4 Nf6
16.Bf5 Qa5 17.Bxc8 Rfxc8 18.Qb3 Qd5 19.Bxf6 Qxb3 20.Bxg7+ Kxg7 21.axb3 Be7  1/2-1/2

[Event "Open"]
[Site "Dubai UAE"]
[Date "2001.04.22"]
[Round "7"]
[White "Kobalija,M"]
[Black "Sandipan,C"]
[Result "1-0"]
[WhiteElo "2590"]
[BlackElo "2428"]

1.d4 d5 2.c4 e6 3.Nc3 c6 4.e3 Nf6 5.Nf3 Nbd7 6.Qc2 Bd6 7.g4 Bb4 8.Bd2 Qe7
9.Rg1 b6 10.cxd5 cxd5 11.Bd3 Bb7 12.g5 Ne4 13.Nxe4 dxe4 14.Bxe4 Rc8 15.Qb3 Bxd2+
16.Nxd2 Bxe4 17.Nxe4 O-O 18.Nc3 b5 19.Qxb5 Rb8 20.Qe2 Rfc8 21.Kf1 Qb4 22.Rc1 Qxb2
23.Qxb2 Rxb2 24.Kg2 f6 25.Ne4 Rbc2 26.Rxc2 Rxc2 27.Rb1 f5 28.Rb7 fxe4 29.Rxd7 Rxa2
30.h4 Kf8 31.Kg3 a6 32.Ra7 a5 33.h5 a4 34.h6 gxh6 35.gxh6 Kg8 36.Rg7+ Kh8
37.Re7 Kg8 38.Rxe6 a3 39.Re7 Ra1 40.Ra7 Rg1+ 41.Kf4 Rf1 42.Ke5 Rxf2 43.Ke6 a2
44.Ra8+ Rf8 45.Rxa2 Re8+ 46.Kf6 Rf8+ 47.Ke7 Kh8 48.d5  1-0

[Event "Classics IMA"]
[Site "Gausdal NOR"]
[Date "2001.04.22"]
[Round "9"]
[White "Lahlum,H"]
[Black "Hole,O"]
[Result "1/2-1/2"]
[WhiteElo "2233"]
[BlackElo "2245"]

1.d4 d5 2.c4 c6 3.Nc3 Nf6 4.e3 e6 5.Nf3 Nbd7 6.Bd3 dxc4 7.Bxc4 b5 8.Bd3 Bb7
9.O-O a6 10.e4 c5 11.d5 c4 12.Bc2 Qc7 13.dxe6 fxe6 14.Nd4 Nc5 15.Be3 e5 16.Nf3 Rd8
17.Qe2 Nd3 18.Rad1 Bb4 19.Bxd3 cxd3 20.Rxd3 Rxd3 21.Qxd3 Bxc3 22.Qxc3 Qxc3
23.bxc3 Nxe4 24.Rc1 Bd5 25.Nxe5 Ke7 26.Bd4 Rc8 27.Nd3 Kf7 28.f3 Ng5 29.Nf4 Bc4
30.a3 Ne6 31.Nxe6 Bxe6 32.Re1 g6 33.Kf2 Bc4 34.Re4 Rc6 35.Kg3 Re6 36.Rh4 h5
37.Kf4 Re2 38.g4 Rg2 39.Ke5 hxg4 40.fxg4 g5 41.Rh6 Rxg4 42.Rxa6 Rg2 43.Kf5 Bd3+
44.Ke5  1/2-1/2

[Event "TSIM"]
[Site "Belgrade YUG"]
[Date "2001.04.23"]
[Round "3"]
[White "Vasovski,N"]
[Black "Ciric,DM"]
[Result "1/2-1/2"]
[WhiteElo "2359"]
[BlackElo "2333"]

1.d4 d5 2.c4 e6 3.Nc3 c6 4.e3 Nf6 5.Nf3 Nbd7 6.Qc2 Bd6 7.b3 O-O 8.Bd3 e5
9.dxe5 Nxe5 10.Nxe5 Bxe5 11.Bb2  1/2-1/2

[Event "Open"]
[Site "Dubai UAE"]
[Date "2001.04.23"]
[Round "8"]
[White "Kuzmin,A"]
[Black "Tahirov,F"]
[Result "1-0"]
[WhiteElo "2588"]
[BlackElo "2406"]

1.d4 d5 2.c4 c6 3.Nc3 Nf6 4.e3 e6 5.Nf3 Nbd7 6.Qc2 Bd6 7.Bd3 O-O 8.O-O Qe7
9.c5 Bc7 10.e4 dxe4 11.Nxe4 Nd5 12.Bg5 f6 13.Bd2 f5 14.Ng3 h6 15.Rfe1 Qf7
16.Re2 N7f6 17.b4 a6 18.a3 Kh8 19.Rd1 Rg8 20.Bc1 Bd7 21.Rde1 Rae8 22.Qb2 g5
23.Ne5 Qg7 24.f3 h5 25.Bxg5 Bxe5 26.dxe5 Qxg5 27.exf6 Ref8 28.Nxf5 Qxf6 29.Qxf6+ Rxf6
30.Nd4 Rf4 31.Be4 e5 32.Nb3 Nc3 33.Rd2 Be6 34.Na5 Nb5 35.Nxb7 Nd4 36.Kh1 h4
37.h3 Rf7 38.Na5 Rfg7 39.Nxc6 Rg3 40.Nxd4 exd4 41.a4  1-0

[Event "Zone 3.2a"]
[Site "Manila PHI"]
[Date "2001.04.25"]
[Round "2"]
[White "Adianto,U"]
[Black "Handoko,E"]
[Result "1-0"]
[WhiteElo "2589"]
[BlackElo "2447"]

1.d4 d5 2.c4 c6 3.Nf3 Nf6 4.Nc3 e6 5.e3 Nbd7 6.Qc2 Bd6 7.Be2 O-O 8.O-O dxc4
9.Bxc4 Qe7 10.e4 e5 11.Rd1 Nb6 12.dxe5 Bxe5 13.Nxe5 Qxe5 14.Be2 Ng4 15.Bxg4 Bxg4
16.f3 Be6 17.Be3 Nc4 18.Bd4 Qg5 19.Qf2 f5 20.b3 Nb6 21.Bxb6 axb6 22.Qxb6 Rfd8
23.Qc5 Qf6 24.e5 Qf7 25.Rac1 Qc7 26.Rd6 Rxd6 27.exd6 Qf7 28.Rd1 Bd7 29.Qb6 Be6
30.Na4 Bd5 31.Nc5 Qf6 32.d7 Rd8 33.Qxb7 Qe7 34.Qb6 Kf7 35.Kf1 Qh4 36.Rxd5 cxd5
37.Qe6+ Kf8 38.Qxf5+ Kg8 39.Qxd5+ Kh8 40.Ne6  1-0

[Event "Zone 3.2a Playoff g25/10"]
[Site "Manila PHI"]
[Date "2001.04.25"]
[Round "3"]
[White "Adianto,U"]
[Black "Dao Thien Hai"]
[Result "0-1"]
[WhiteElo "2589"]
[BlackElo "2564"]

1.d4 d5 2.c4 c6 3.Nf3 Nf6 4.Nc3 e6 5.e3 Nbd7 6.Qc2 Bd6 7.Be2 O-O 8.O-O dxc4
9.Bxc4 b5 10.Bd3 Bb7 11.e4 e5 12.Ne2 h6 13.Rd1 Qe7 14.Ng3 Bb8 15.Nf5 Qe6
16.dxe5 Nxe5 17.N3d4 Qe8 18.Be2 Neg4 19.h3 Bh2+ 20.Kf1 Nxf2 21.Kxf2 Nxe4+
22.Kf1 c5 23.Nf3 Qe6 24.g4 Bc7 25.Bxb5 Rad8 26.Be3 Ng3+ 27.Kf2 Ne4+ 28.Kg1 g6
29.Bc4 Qf6 30.Nxh6+ Kg7 31.Rf1 Bf4 32.Bxf4 Qxf4 33.Nxf7 Rd2 34.Qxd2 Nxd2  0-1

[Event "7th"]
[Site "Cutro ITA"]
[Date "2001.04.26"]
[Round "5"]
[White "Georgiev,Vl"]
[Black "Borgo,G"]
[Result "1/2-1/2"]
[WhiteElo "2592"]
[BlackElo "2408"]

1.d4 d5 2.c4 e6 3.Nc3 c6 4.e3 Nf6 5.Nf3 Nbd7 6.Bd3 Bd6 7.O-O O-O 8.e4 dxc4
9.Bxc4 e5 10.h3 b5 11.Bb3 a6 12.Bg5 h6 13.Bh4 Re8 14.dxe5 Nxe5 15.Nxe5 Bxe5
16.Qxd8 Rxd8 17.f4 Bxc3 18.bxc3 Re8 19.Bxf6 gxf6 20.Rfd1 Ra7 21.Rd6 Kg7 22.Rad1 Rxe4
23.R1d3 Be6 24.Rg3+ Kf8 25.f5 Bxb3 26.axb3 a5 27.Rxf6 a4 28.bxa4 bxa4 29.Rxh6 Ke7
30.Rg7 Ra5 31.f6+ Ke6 32.Rg8 Ree5 33.Re8+ Kd7 34.Rf8 Ke6 35.Re8+ Kd7 36.Rf8 Ke6
37.Re8+  1/2-1/2